| 000 | 00707nam a2200253Ia 4500 | ||
|---|---|---|---|
| 003 | OSt | ||
| 005 | 20220925212925.0 | ||
| 006 | a|||||r|||| 00| 0 | ||
| 007 | ta | ||
| 008 | 220923b |||||||| |||| 00| 0 eng d | ||
| 020 | _a1854107534 | ||
| 037 | _cGeneral Book | ||
| 040 |
_aRTL _cRTL _beng |
||
| 041 |
_2eng _aeng |
||
| 082 | _aV2.12y7L32, P0 | ||
| 100 |
_aBernstein Jeremy _948233 |
||
| 245 | 0 |
_aDawning of the Raj _b The life and trials of Warren |
|
| 260 |
_aLondon _bAurum Press U K _c2000 |
||
| 300 |
_axi,317p _ccm. |
||
| 500 | _aBib p. 305-07 | ||
| 650 | _aIndian Histroy | ||
| 942 |
_hV2.12y7L32, P0 _cGB _2CC |
||
| 999 |
_c561589 _d561589 |
||